01319aam a2200385 450000500170000000800410001702000180005804100080007608200170008410000170010110000200011810000220013824500140016026000130017426000160018726000090020330000180021249000470023050502780027765000260055565000180058165000140059965000290061365000120064265000270065465000340068165000320071565000290074765000280077665000280080465000340083265000260086665000150089265000260090720260303115207.0150824b2014 xxu||||| |||| 00| 0 spa d a9786071511539 aESP a658.8 K39m11 aKerin, Roger aHartley, Steven aRudelius, William aMarketing aMéxico bMcGraw-Hill c2014 a714 páginas aDirección y Administración de Empresas aParte I. Inicio del proceso de marketing. Parte II. Percepción de los compradores y los mercados. Parte III. Aprovechamiento de las oportunidades de marketing. Parte IV. Satisfacción de las oportunidades de marketing. Parte V. Administración del proceso de marketing. aGERENCIA DEL MERCADO  aMERCADOTECNIA aMARKETING aESTRATEGIAS DE MARKETING aÉTICA aRESPONSABILIDAD SOCIAL aCOMPORTAMIENTO DEL CONSUMIDOR aINVESTIGACIÓN DE MERCADOS aPREDICCIÓN DE MERCADOS aDESARROLLO DE PRODUCTOS aDESARROLLO DE SERVICIOS aADMINISTRACIÓN DE PRODUCTOS aMERCADEO DE SERVICIOS aPUBLICIDAD aRELACIONES PÚBLICAS